Music Quiz

Random Music Quiz

Figure out Hugo Riemann's Chordal Functions Quiz Stats

 Plays Quiz not verified by Sporcle

Challenge
Share
Tweet
Embed
Score 0/10 Timer 10:00
0 Plays Today
% Correct
E flat major
100%
B major
100%
D major
100%
3
100%
The Unheimliche relation
75%
B minor
50%
E flat major
50%
G sharp Minor
50%
F minor
50%
D flat major
50%

You're not logged in!

Compare scores with friends on all Sporcle quizzes.
Join for Free
OR
Log In

You Might Also Like...

Show Comments

Extras

Created Dec 30, 2015ReportFavoriteNominate
Tags:chord, function, harmony, hugo

Top Quizzes Today


Score Distribution

Your Account Isn't Verified!

In order to create a playlist on Sporcle, you need to verify the email address you used during registration. Go to your Sporcle Settings to finish the process.

Report this User

Report this user for behavior that violates our Community Guidelines.

Details: